| 000 | 00395nam a2200109 4500 | ||
|---|---|---|---|
| 999 |
_c10027 _d10027 |
||
| 008 | 180726b ||||| |||| 00| 0 eng d | ||
| 245 |
_aDengue vaccine now in the Philippines: _bWatsons is the first retailer to make the three-part vaccine available to the public. |
||
| 260 |
_aPhilippines _bPhilippine Daily Inquirer _cc2017 |
||
| 300 | _apage C4. | ||
| 650 | 0 |
_929628 _aVaccines. |
|
| 942 |
_2ddc _cPER |
||